Современные проблемы механики и авиации = Modern problems of mechanics and aviation

מידע ביבליוגרפי
מחבר תאגידי: Московский авиационный институт (МАИ)
מחברים אחרים: Лаврентьев М. А. (редактор)
שפה:רוסית
יצא לאור: Москва, Машиностроение, 1982
נושאים:
פורמט: ספר
KOHA link:https://koha.lib.tpu.ru/cgi-bin/koha/opac-detail.pl?biblionumber=312893

MARC

LEADER 00000nam0a2200000 4500
001 312893
005 20231102002529.0
020 |a RU  |b 82-33759 
035 |a (RuTPU)RU\TPU\book\338263 
090 |a 312893 
100 |a 20151229d1982 k y0rusy5003 ca 
101 0 |a rus 
102 |a RU 
105 |a a z 001zy 
200 1 |a Современные проблемы механики и авиации = Modern problems of mechanics and aviation  |f Московский авиационный институт (МАИ) ; под ред. М. А. Лаврентьева 
210 |a Москва  |c Машиностроение  |d 1982 
215 |a 334 с.  |c ил. 
320 |a Библиогр. в конце ст. 
606 1 |a Механика сплошных сред  |2 stltpush  |3 (RuTPU)RU\TPU\subj\43578  |9 63063 
610 1 |a авиация 
610 1 |a теория упругости 
610 1 |a пластичность 
610 1 |a ползучесть 
610 1 |a механика разрушения 
610 1 |a теория пластин 
675 |a 531/534  |z rus  |v 4 
702 1 |a Лаврентьев  |b М. А.  |4 340 
712 0 2 |a Московский авиационный институт (МАИ)  |c (1930- )  |2 stltpush  |3 (RuTPU)RU\TPU\col\3642 
801 0 |a RU  |b RuMRKP  |c 19950704  |g psbo 
801 1 |a RU  |b 63413507  |c 20151229 
801 2 |a RU  |b 63413507  |c 20171023  |g RCR 
942 |c BK